| 000 | 00487nam a2200169Ia 4500 | ||
|---|---|---|---|
| 999 |
_c12290 _d12290 |
||
| 003 | OSt | ||
| 005 | 20200215110928.0 | ||
| 008 | 190216s9999||||xx |||||||||||||| ||und|| | ||
| 040 | _coclc | ||
| 082 |
_a321.021 _bWHE/F |
||
| 100 |
_aWheare, K C _92021 |
||
| 245 | 0 |
_aFederal Government / _cK C Wheare |
|
| 250 | _a4th ed. | ||
| 260 |
_bThe English Language And Book Society, _aLondon: _c1963. |
||
| 300 | _a266p | ||
| 942 |
_cBK _2ddc _h321.021 _iWHE/F _k321.021 _mWHE/F |
||